Handbook of international economics
Uložené v:
| Ďalší autori: | , |
|---|---|
| Médium: | Kniha |
| Jazyk: | English |
| Vydavateľské údaje: |
Amsterdam
ELSEVIER
1988
|
| Edícia: | Handbooks in economics
3 |
| Predmet: | |
| Tagy: |
Žiadne tagy, Buďte prvý, kto otaguje tento záznam!
|
MARC
| LEADER | 00000nam a2200000 4500 | ||
|---|---|---|---|
| 001 | 0190556 | ||
| 005 | 20240111123346.0 | ||
| 020 | |a 978-0-444-70422-1 | ||
| 020 | |a 0-444-70422-1 | ||
| 041 | 0 | |a eng | |
| 044 | |a NL | ||
| 245 | 1 | 0 | |a Handbook of international economics |c edited by: Ronald W. Jones and Peter B. Kenen |
| 264 | 1 | |a Amsterdam |b ELSEVIER |c 1988 | |
| 300 | |a 623 s. | ||
| 490 | 1 | |a Handbooks in economics |v 3 | |
| 830 | 0 | |a Handbooks in economics |v 3 | |
| 610 | 2 | 0 | |a ekonómia |
| 610 | 2 | 0 | |a politika hospodárska |
| 610 | 2 | 0 | |a hospodárstvo svetové |
| 610 | 2 | 0 | |a obchod medzinárodný |
| 610 | 2 | 0 | |a teória obchodu |
| 610 | 2 | 0 | |a modely obchodu zahraničného |
| 610 | 2 | 0 | |a kapitál |
| 610 | 2 | 0 | |a trh |
| 610 | 2 | 0 | |a zdroje prírodné |
| 610 | 2 | 0 | |a krajiny rozvojové |
| 610 | 2 | 0 | |a makroekonomika |
| 610 | 2 | 0 | |a analýzy |
| 610 | 2 | 0 | |a aktíva |
| 610 | 2 | 0 | |a hospodárstvo otvorené |
| 610 | 2 | 0 | |a modely makroekonomické |
| 610 | 2 | 0 | |a stabilizácia hospodárstva |
| 610 | 2 | 0 | |a kurz devízový |
| 610 | 2 | 0 | |a príjmy |
| 610 | 2 | 0 | |a ceny |
| 610 | 2 | 0 | |a štúdie |
| 610 | 2 | 0 | |a systém menový medzinárodný |
| 610 | 2 | 0 | |a koordinácia |
| 700 | 1 | |a Jones, Ronald W. | |
| 700 | 1 | |a Kenen, Peter B. | |